Normal view
MARC view
- Koshy , John P .
Entry Personal Name
001 - CONTROL NUMBER
- control field: 1729
003 - CONTROL NUMBER IDENTIFIER
- control field: OSt
005 - DATE AND TIME OF LATEST TRANSACTION
- control field: 20161007142812.0
008 - FIXED-LENGTH DATA ELEMENTS
- fixed length control field: 161007|| aca||aabn | a|a d
040 ## - CATALOGING SOURCE
- Original cataloging agency: OSt
- Transcribing agency: OSt
100 ## - HEADING--PERSONAL NAME
- Personal name: Koshy , John P .
670 ## - SOURCE DATA FOUND
- Source citation: Work cat.: (OSt)9004: Koshy , John P ., Hindi-Hindi-Malayalam Dictionary / , 1963.
